Environmental forensics (Record no. 239813)
[ view plain ]
| 000 -LEADER | |
|---|---|
| fixed length control field | 01332nam a22003254a 4500 |
| 082 04 - DEWEY DECIMAL CLASSIFICATION NUMBER | |
| Classification number | 628.5/2 |
| 245 00 - TITLE STATEMENT | |
| Title | Environmental forensics |
| 260 ## - PUBLICATION, DISTRIBUTION, ETC. (IMPRINT) | |
| Place of publication | Amsterdam ; |
| -- | Boston : |
| Name of publisher | Elsevier Academic Press, |
| Year of publication | c2006. |
| 300 ## - PHYSICAL DESCRIPTION | |
| Number of Pages | xxv, 541 p., [10] p. of plates : |
| Other physical details | ill. (some col.), maps. |
| 650 #0 - SUBJECT ADDED ENTRY--TOPICAL TERM | |
| Topical Term | Environmental forensics. |
| Topical Term | Pollutants |
| 700 1# - ADDED ENTRY--PERSONAL NAME | |
| Personal name | Morrison, Robert D. |
| Personal name | Murphy, Brian, |
| 856 40 - ELECTRONIC LOCATION AND ACCESS | |
| Uniform Resource Identifier | http://site.ebrary.com/lib/rucke/Doc?id=10180602 |
No items available.
